000 00347nam a2200133Ia 4500
008 151213s9999 xx 000 0 und d
100 _aStephen E. Lucas
245 _aThe Art of Public Speaking
_cStephen E. Lucas
260 _aSydney
_bMc Graw Hill
_c2001
300 _a1986 p.
650 _aReference
700 _aStephen E. Lucas
999 _c1453
_d1453